| 000 | 00481nam a22001817a 4500 | ||
|---|---|---|---|
| 005 | 20260530163122.0 | ||
| 008 | 260530b |||||||| |||| 00| 0 eng d | ||
| 020 |
_a9783110778199 _c4270.65 |
||
| 040 | _aMAIN | ||
| 041 | _aGerman | ||
| 082 |
_a833.912 _bDEN |
||
| 100 |
_aDensky, Doreen _926970 |
||
| 245 |
_aLiterarische Fürsprache Bei Franz Kafka _b: Rhetorik Und Poetik |
||
| 260 |
_aBerlin _bDe Gruyter _c2021 |
||
| 300 | _a230 | ||
| 650 | _aGerman Language | ||
| 942 | _cBK | ||
| 999 |
_c60942 _d60942 |
||